000 00895nam a2200205Ia 4500
003 IN-BaIIA
008 211028s9999 xx 000 0 eng d
020 _a0-521-59065-5
040 _cIIA Library
080 _a524.834(082.1)
_bREL
111 _aLes Houches School of Physics
_cHaute Savoie
_d1995 Sept. 26 - Oct. 6
_921366
245 0 _aRelativistic gravitation and gravitational radiation
_bproceedings of the Les Houches school of physics held in Les Houches, Haute Savoie, 26 September - 6 October 1995
_cedited by J. A. Marck and J. P. Lasota
260 _aCambridge
_bCambridge University Press
_c1997
300 _axv, 475p.
490 _aCambridge contemporary astrophysics
650 _aGravitation, Radiation, Relativistic gravity
_921367
700 _aLasota, J. P., ed.
_917267
700 _aMarck, J. A., ed.
_921368
942 _cBK
999 _c12225
_d12225